If They Were Zombie Movies Quiz Stats

 Plays Quiz Updated Oct 20, 2017

Challenge
Share
Tweet
Embed
Score 0/24 Timer 06:00
1 Play Today
% Correct
Savoring Private Ryan
94.8%
Eat the Parents
94.6%
Dead and Deader
94.1%
Mean Ghouls
94.1%
The Force of Walkers
93.9%
Die-tanic
93.6%
Singing with the Brain
93.5%
Bite Club
91.8%
When Harry Ate Sally
91.5%
Undead Poet's Society
90.4%
My Big Fat Zeke Wedding
90.4%
Fifty Shades of Grey Matter
88.9%
% Correct
Moan-(a)-ing
88.8%
Glad He Ate Her
87.1%
Brain Man
86.7%
Twelve Hungry Men
85.3%
What Walkers Want
83.8%
Dead Pool
82.9%
Zed Man Walking
80.8%
Dead Ringer
80.4%
Mid-bite Cowboy
80.2%
The Hateful Ate
80.1%
A Man for All Seasonings
74.9%
Brainspotting
74.7%

You're not logged in!

Compare scores with friends on all Sporcle quizzes.
OR
Log In

You Might Also Like...

Show Comments

Extras

Top Quizzes Today


Score Distribution

Your Account Isn't Verified!

In order to create a playlist on Sporcle, you need to verify the email address you used during registration. Go to your Sporcle Settings to finish the process.

Report this User

Report this user for behavior that violates our Community Guidelines.

Details: